| 000 -ლიდერი |
| ფიქსირებული სიგრძის საკონტროლო ველი |
01255nam a2200277Ia 4500 |
| 001 - საკონტროლო ნომერი |
| საკონტროლო ველი |
8283 |
| 003 - საკონტროლო ნომრის იდენტიფიკატორი |
| საკონტროლო ველი |
GE_BSU |
| 005 - ბოლო ოპერაციის თარიღი და დრო |
| საკონტროლო ველი |
20240424151527.0 |
| 008 - ფიქსირებული სიგრძის მონაცემთა ელემენტები - ზოგადი ინფორმაცია |
| ფიქსირებული სიგრძის საკონტროლო ველი |
181216s2011||||ge |||||||||||||| ||geo|| |
| 020 ## - წიგნის საერთაშორისო სტანდარტული ნომერი |
| International Standard Book Number |
9789941424533 |
| 040 ## - კატალოგიზაციის წყარო |
| Transcribing agency |
GE_BSU |
| 041 ## - ენის კოდი |
| Language code of text/sound track or separate title |
geo |
| 080 ## - უნივერსალური ათობითი კლასიფიკაციის ინდექსი |
| Universal Decimal Classification number |
630(075.8) უ–84 |
| 100 ## - მთავარი ჩანაწერი - პიროვნების სახელი |
| Personal name |
ურუშაძე, ალექსანდრე |
| 9 (RLIN) |
21913 |
| 245 ## - ცნობა სათაურის შესახებ |
| Title |
აგრომეტყევეობა / |
| Statement of responsibility, etc |
ალექსანდრე (სანდრო) ურუშაძე ; [რედ. გიორგი გაგოშიძე]. |
| 264 ## - წარმოების, გამოცემის, დისტრიბუციის და სხვა ცნობები |
| გამოცემის, წარმოების, დისტრიბუციის... ადგილი |
თბილისი : |
| გამოცემის, წარმოების, დისტრიბუციის... სახელწოდება |
მწიგნობარი, |
| გამოცემის, წარმოების, დისტრიბუციის... თარიღი |
2011. |
| 300 ## - ფიზიკური აღწერა |
| Extent |
239 გვ. ; |
| Dimensions |
19 სმ. |
| 500 ## - ზოგადი შენიშვნა |
| General note |
ყდაზე : მინდორსაცავი ტყის ზოლები ქართლში (პ. შმიდტის ფოტო) |
| 500 ## - ზოგადი შენიშვნა |
| General note |
ტერმინთა ლექსიკონი : გვ. 213-237 |
| 504 ## - BIBLIOGRAPHY, ETC. NOTE |
| Bibliography, etc |
ბიბლიოგრ : გვ. 238-240 |
| 653 ## - INDEX TERM--UNCONTROLLED |
| Uncontrolled term |
აგრომეტყევეობა |
| 653 ## - INDEX TERM--UNCONTROLLED |
| Uncontrolled term |
სატყეო მეურნეობა |
| 700 ## - ADDED ENTRY--PERSONAL NAME |
| Personal name |
გაგოშიძე, გიორგი |
| Relator term |
რედაქტორი |
| 9 (RLIN) |
8294 |
| 942 ## - ADDED ENTRY ELEMENTS (KOHA) |
| Koha item type |
წიგნი |
| Source of classification or shelving scheme |
|